000 00598cam a22001697a 4500
008 180718b2003 xxu||||| |||| 00| 0 eng d
100 _aYamano, Takashi
245 _aChild growth, shocks, and food aid in rural Ethiopia
_cby Takashi Yamano, Harold Alderman and Luc Christiaensen
260 _aWashington, D.C.
_bWorld Bank
_c2003
300 _a29p.
440 _aPolicy research working paper; no. 3128
650 _aFood relief --Ethiopia
650 _aRural poor --Ethiopia
650 _aChildren --Health and hygiene --Ethiopia
700 _aChristiaensen, Luc
700 _aAlderman, Harold
999 _c289719
_d289719